The noble scholar, jurist, historian


 His Excellency Dr. Abdul Wahhab bin Ibrahim Abu Sulaiman, may Allah have mercy on him.


 He was born in Umm Al-Qura in the year 1356 AH.

أخبار مصر / (Record no. 9464)

MARC details
000 -LEADER
fixed length control field 01540cam a22003011i 4500
003 - CONTROL NUMBER IDENTIFIER
control field OSt
005 - DATE AND TIME OF LATEST TRANSACTION
control field 20250704160033.0
008 - FIXED-LENGTH DATA ELEMENTS--GENERAL INFORMATION
fixed length control field 250702s2015 ua g f000 0dara c
040 ## - CATALOGING SOURCE
Original cataloging agency SA-JeALM
Language of cataloging ara
Transcribing agency SA-RiAUC
Description conventions rda
043 ## - GEOGRAPHIC AREA CODE
Geographic area code f-ua---
082 04 - DEWEY DECIMAL CLASSIFICATION NUMBER
Classification number 953.0738
Assigning agency SA-RiAUC
090 ## - LOCALLY ASSIGNED LC-TYPE CALL NUMBER (OCLC); LOCAL CALL NUMBER (RLIN)
Classification number (OCLC) (R) ; Classification number, CALL (RLIN) (NR) 953.0738
Local cutter number (OCLC) ; Book number/undivided call number, CALL (RLIN) م س ب
100 1# - MAIN ENTRY--PERSONAL NAME
Personal name المسبحي، محمد بن عبيد الله بن أحمد،
Dates associated with a name 366-420 هجري
Relator term مؤلف.
245 10 - TITLE STATEMENT
Title أخبار مصر /
Statement of responsibility, etc. للمسبحي الأمير المختار عز الملك محمد بن عبيد الله بن أحمد.قابله بأصوله وأعده للنشر أيمن فؤاد السيد
264 #1 - PRODUCTION, PUBLICATION, DISTRIBUTION, MANUFACTURE, AND COPYRIGHT NOTICE
Place of production, publication, distribution, manufacture القاهرة :
Name of producer, publisher, distributor, manufacturer دار الكتب والوثائق القومية،
Date of production, publication, distribution, manufacture, or copyright notice 2014
300 ## - PHYSICAL DESCRIPTION
Extent مجلد
Dimensions 30سم.
336 ## - CONTENT TYPE
Content type term نص
Content type code txt
Source rdacontent
Materials specified كتاب
337 ## - MEDIA TYPE
Media type term بدون وسيط
Media type code n
Source rdamedia
338 ## - CARRIER TYPE
Carrier type term مجلد
Carrier type code nc
Source rdacarrier
500 ## - GENERAL NOTE
General note اهداء من المحقق ايمن فؤاد السيد الى الشيخ رحمه الله بتاريخ 1 / 2 / 2015 م
505 0# - FORMATTED CONTENTS NOTE
Formatted contents note المحتويات : المجلد الأربعون : الجزء الأربعون من أخبار مصر للمسبحي.
651 #7 - SUBJECT ADDED ENTRY--GEOGRAPHIC NAME
Geographic name الدولة الفاطمية
General subdivision تاريخ
Source of heading or term aucsh
651 #7 - SUBJECT ADDED ENTRY--GEOGRAPHIC NAME
Geographic name مصر
General subdivision تاريخ
Chronological subdivision العصر الفاطمي، 969-1171
Source of heading or term aucsh
651 #7 - SUBJECT ADDED ENTRY--GEOGRAPHIC NAME
Geographic name مصر
General subdivision ملوك وحكام
Chronological subdivision العصر الفاطمي، 969-1171
Form subdivision تراجم
Source of heading or term aucsh
700 ## - ADDED ENTRY--PERSONAL NAME
Personal name السيد، أيمن فؤاد
Relator term محقق.
942 ## - ADDED ENTRY ELEMENTS (KOHA)
Source of classification or shelving scheme Dewey Decimal Classification
Koha item type Books
Suppress in OPAC No
949 ## - LOCAL PROCESSING INFORMATION (OCLC)
a SA-JeALM
d 250702
u osman123
n 1
Holdings
Withdrawn status Lost status Source of classification or shelving scheme Damaged status Not for loan Collection Home library Current library Date acquired Total checkouts Full call number Barcode Date last seen Price effective from Koha item type
    Dewey Decimal Classification     اهداء DR AbdElwahab Library DR AbdElwahab Library 07/04/2025   953.0738 م س ب 000015145 07/04/2025 07/04/2025 Books